|
|
|
|
| LEADER |
00000nab a2200000 a 4500 |
| 001 |
vtls000038894 |
| 003 |
SK-MaSNL |
| 005 |
20260303175737.0 |
| 008 |
150430c1979 xo 0 slo |
| 015 |
|
|
|a SNBRB19rr/mm-uuuuu
|
| 035 |
|
|
|a CL0048989
|
| 040 |
|
|
|a SNKBUCL
|b slo
|c SNKBUCL
|e AACR2
|
| 041 |
0 |
|
|a slo
|
| 044 |
|
|
|a xo
|c SK
|
| 080 |
|
|
|a 882-7
|2 1981
|
| 100 |
1 |
|
|a Medvedovskij, Leonid
|4 aut
|9 1204703
|
| 245 |
1 |
0 |
|a Nedostatočná z ekonómie
|c Leonid Medvedovskij ; ZS, ZS
|
| 650 |
0 |
7 |
|a humoristické poviedky
|2 snkbucl
|9 74226
|
| 650 |
0 |
7 |
|a sovietska literatúra
|2 snkbucl
|9 22300
|
| 655 |
|
7 |
|a články z novín a časopisov
|2 snkbucl
|9 267496
|
| 655 |
|
7 |
|a články z odboru literárna veda a krásna literatúra
|2 snkbucl
|9 770045
|
| 700 |
1 |
|
|a ZS
|4 aut
|9 5351
|
| 700 |
1 |
|
|a ZS
|4 trl
|9 5351
|
| 773 |
0 |
|
|t Roháč
|g Roč. 32, č. 36 (1979), s. 10
|
| 850 |
|
|
|a Slovenská národná knižnica v Martine
|a MTA001
|
| 852 |
|
|
|a SNK
|b KIS3GCP
|
| 958 |
|
|
|a RK
|
| 958 |
|
|
|a LX
|
| 958 |
|
|
|a SK
|
| 992 |
|
|
|a RBX
|
| 999 |
|
|
|c 2103188
|d 2105118
|